Music Quiz

Random Music or Song Quiz

Elton John Top 40 Quiz Stats

 Plays Quiz Updated Feb 27, 2019

Score 0/58 Timer 10:00
2 Plays Today
Year Single % Correct
1987Candle in the Wind
81.6%
1972Crocodile Rock
69%
1970Your Song
68.2%
1972Rocket Man
67.2%
1973Goodbye Yellow Brick Road
60.3%
1974Bennie and the Jets
60%
1973Daniel
56.5%
1994Can You Feel the Love Tonight
47.9%
1994Circle of Life
41.4%
1991Don't Let the Sun Go Down on Me
40.5%
1974Don't Let the Sun Go Down On Me
40.5%
1976Don't Go Breaking My Heart
40.1%
1975Philadelphia Freedom
36.7%
1983I'm Still Standing
36.6%
1973Saturday Night's Alright for Fighting
35.6%
1971Levon
33.5%
1974The Bitch is Back
32.4%
1983I Guess That's Why They Call it the Blues
31.5%
1986Nikita
27.2%
1975Someone Saved My Life Tonight
26.4%
1972Honky Cat
26.2%
1976Sorry Seems to Be the Hardest Word
24.8%
1997Candle in the Wind 1997
22.2%
1984Sad Songs (Say So Much)
21.6%
1975Island Girl
20.9%
1989Sacrifice
20.9%
1974Lucy in the Sky with Diamonds
16.9%
1982Blue Eyes
16.3%
1992The One
15.9%
Year Single % Correct
1980Little Jeannie
13.5%
1982Empty Garden (Hey Hey Johnny)
12.2%
1995Believe
9.7%
1983Kiss the Bride
8.5%
1988I Don't Wanna Go On With You Like That
8.4%
1995Blessed
8.2%
1971Friends
7.4%
1985That's What Friends Are For
6.8%
1999Written in the Stars
6.6%
1990Club at the End of the Street
6.2%
1976Grow Some Funk of Your Own
5.4%
1989Healing Hands
5.4%
1979Mama Can't Buy You Love
5.3%
1978Part-Time Love
4.9%
1976I Feel Like a Bullet
4.6%
1985Wrap Her Up
4.6%
1978Ego
4.4%
1992The Last Song
4.2%
1984Who Wears These Shoes?
3.9%
1981Chloe
3.4%
1988A Word in Spanish
3.3%
1977Bite Your Lip
3.3%
1979Victim of Love
3.2%
1993Simple Life
3.1%
1980Sartorial Eloquence
2.9%
1984In Neon
2.8%
1981Nobody Wins
2.6%
1987Flames of Paradise
2.1%
1989Through the Storm
1.9%

You're not logged in!

Compare scores with friends on all Sporcle quizzes.
OR
Log In

Sporcle TV

Today on Sporcle TV


Watch our educational content, quiz creation guides, and fun videos on Sporcle TV.

Show Comments

Extras

Top Quizzes Today


Score Distribution

Your Account Isn't Verified!

In order to create a playlist on Sporcle, you need to verify the email address you used during registration. Go to your Sporcle Settings to finish the process.

Report this User

Report this user for behavior that violates our Community Guidelines.

Details: